000 nam a22 7a 4500
999 _c9998
_d9998
008 180209b ||||| |||| 00| 0 eng d
100 _aYounts,J.A.
_96038
245 _aEveryday talk: Talking Freely about God
260 _bSP
_c2004